000 00774nam a2200253Ia 4500
003 OSt
005 20220923211254.0
006 a|||||r|||| 00| 0
007 ta
008 Pun
020 _a9788178837475 (hbk)
_c375
024 _a260,067
037 _b558, 14/12/2011, H.K. Prakashan
_cTextual
040 _aARTS
_cARTS
_bPun
041 _2Pun
_aPun
082 _aO153,3NJA2,ML, Q1
100 _aਸਿੰਘ, ਜਸਵਿੰਦਰ
245 0 _aਮਾਤ ਲੋਕ
260 _aਲੁਧਿਆਣਾ
_b ਚੇਤਨਾ
_c2011
300 _a384ਪੰ
_ccm.
650 _aਪੰਜਾਬੀ ਸਾਹਿਤ
942 _hO153,3NJA2,ML, Q1
_cTEXL
_2CC
999 _c298038
_d298038